00337nam a22001097a 4500008004100000020001500041082001600056100002300072245007300095300000800168700005100176230606b xxu||||| |||| 00| 0 eng d a9966846700 a616.990bTH cN.A Othieno-Abinya aCancer of the Cervix and Uterine BodybWhat do you know about cancer a29p cBessie Byakika, H.O Abwao, E.Wanjohi, R.Baraza